| 000 | 00707 a2200181 4500 | ||
|---|---|---|---|
| 003 | Nust | ||
| 005 | 20170207153219.0 | ||
| 040 | _cNust | ||
| 082 | _a621.382 | ||
| 100 | _aAkhtar, Maj Muhammad Rizwan (MSEE-13) | ||
| 245 |
_aCooperative spectrum sensing methodology for cognitive radios through scheduling/ tasking _cMaj Muhammad Rizwan Akhtar |
||
| 260 |
_bMCS, NUST _c2009 _aRawalpindi |
||
| 300 | _axiii, 128, p.; | ||
| 505 | _aIntroduction (page-1) The cognitive radio (page-14) Proposed methodology for cooperative spectrum sensing (page-65) Simulation details and results (page-84) Conclusion and future work (page-107). | ||
| 538 | _aAlmirah No 69 Shelf No 2 | ||
| 650 | _aMS Thesis | ||
| 651 | _aMSEE-13 | ||
| 942 | _cTHS | ||
| 999 |
_c181721 _d181721 |
||